Movies Quiz

Random Movies or Clickable Quiz

5 Films per Actor Quiz Stats

 Plays Quiz not verified by Sporcle

Challenge
Share
Tweet
Score 0/50 Timer 10:00
0 Plays Today
% Correct
Matthew Mccounaughey
95.6%
Ben Affleck
94.4%
Leonardo Dicaprio
94.4%
Ben Affleck
94%
Bradley Cooper
94%
Leonardo Dicaprio
93.7%
Leonardo Dicaprio
93.7%
Ben Affleck
93.3%
Bradley Cooper
92.9%
Bradley Cooper
92.9%
Daniel Craig
92.9%
Leonardo Dicaprio
92.1%
Christian Bale
92.1%
Leonardo Dicaprio
91.7%
Matthew Mccounaughey
91.3%
Daniel Craig
91.3%
Christian Bale
90.5%
Jake Gyllenhaal
89.7%
Ben Affleck
89.3%
Ryan Gosling
88.9%
Jake Gyllenhaal
88.1%
Matthew Mccounaughey
87.3%
Jake Gyllenhaal
87.3%
Michael Fassbender
86.9%
Michael Fassbender
86.5%
% Correct
Bradley Cooper
85.7%
Michael Fassbender
85.7%
Christian Bale
85.7%
Christian Bale
85.3%
Bradley Cooper
84.5%
Michael Fassbender
84.1%
Ryan Gosling
83.3%
Tom Hardy
82.9%
Matthew Mccounaughey
82.5%
Ryan Gosling
82.5%
Daniel Craig
82.5%
Ryan Gosling
82.1%
Ben Affleck
81%
Matthew Mccounaughey
81%
Tom Hardy
81%
Tom Hardy
80.6%
Jake Gyllenhaal
80.2%
Jake Gyllenhaal
79.8%
Daniel Craig
79.8%
Tom Hardy
79.8%
Michael Fassbender
79.4%
Christian Bale
77.8%
Daniel Craig
77%
Ryan Gosling
76.2%
Tom Hardy
75.8%

You're not logged in!

Compare scores with friends on all Sporcle quizzes.
Join for Free
OR
Log In

You Might Also Like...

Show Comments

Extras

Created Feb 7, 2015ReportNominate
Tags:Actor Quiz, Clickable Quiz

Top Quizzes Today


Score Distribution

Your Account Isn't Verified!

In order to create a playlist on Sporcle, you need to verify the email address you used during registration. Go to your Sporcle Settings to finish the process.

Report this User

Report this user for behavior that violates our Community Guidelines.

Details: